000 01269nam a2200229 a 4500
001 001011683
003 AM-YeHGA
005 20250617163307.0
008 140407s1948 ru r 000 0 rus d
040 _aAM-YeHGA
041 0 _arus
100 1 _aФайман, А.Г.
_eсост.
_4com
245 1 0 _aБиблиографический указатель на тему "Каталитический крекинг" :
_bРусская и иностранная книжная и журнальная литература ... гг. /
_cСост. А.Г. Файман; Под ред. Н.Ф. Седых; ЦНТБ нефт. промышл. СССР.
260 _aМ. ;
_aЛ. :
_bГостоптехиздат,
_c1948.
300 _aГод ;
_c21 см.
505 1 0 _g1938-1946 (1948, 72 с.) :
_tРусская и иностранная книжная и журнальная литература 1938-1946 гг. (январь-июнь)
650 1 4 _aОтраслевые библиографии
653 0 _aКаталитический крекинг
700 1 _aСедых, Н.Ф.
_eред.
_4edt
710 2 _aЦентральная научно-техническая библиотека нефтяной промышленности СССР
090 _c507899
999 _c504481
_d504481